TB. OF BIOCHEMISTRY (Record no. 21929)

MARC details
000 -LEADER
fixed length control field 00333nam a22001577a 4500
003 - CONTROL NUMBER IDENTIFIER
control field SGT
020 ## - INTERNATIONAL STANDARD BOOK NUMBER
International Standard Book Number 9789390709441
082 ## - DEWEY DECIMAL CLASSIFICATION NUMBER
Classification number 612.015
Item number B21L
100 ## - MAIN ENTRY--PERSONAL NAME
Personal name LAL, HARBANS
245 ## - TITLE STATEMENT
Title TB. OF BIOCHEMISTRY
250 ## - EDITION STATEMENT
Edition statement 4TH
260 ## - PUBLICATION, DISTRIBUTION, ETC. (IMPRINT)
Place of publication, distribution, etc INDIA
Name of publisher, distributor, etc CBS PUB
Year of Publication 2021
300 ## - PAGE DESCRIPTION
No. of Pages 467
650 ## - SUBJECT ADDED ENTRY--TOPICAL TERM
Topical term or geographic name as entry element BIOCHEMISTRY
942 ## - ADDED ENTRY ELEMENTS (KOHA)
Source of classification or shelving scheme Dewey Decimal Classification
Koha item type Books
942 ## - ADDED ENTRY ELEMENTS (KOHA)
-- 107
Holdings
Withdrawn status Lost status Source of classification or shelving scheme Damaged status Not for loan Collection code Home library Current library Shelving location Date acquired Vendor Name Cost, normal purchase price SGTU Bill Number Total Checkouts Full call number Accession No. (Barcode) Date last seen Date last borrowed Bill Date Koha item type Checked out Total Renewals
    Dewey Decimal Classification     NURSING SGT Medical Library SGT Medical Library Text Book 09/10/2021 ABC DELHI 750.00 SGTU 13308 35 612.015 B21L FN4427 03/06/2026 21/05/2026   Books    
    Dewey Decimal Classification   Not For Loan NURSING SGT Medical Library SGT Medical Library Text Book 09/10/2021 ABC DELHI 750.00 SGTU 13308 21 612.015 B21L FN4428 09/03/2026 21/02/2026   Books    
    Dewey Decimal Classification     NURSING SGT Medical Library SGT Medical Library Text Book 09/10/2021 ABC DELHI 750.00 SGTU 13308 42 612.015 B21L FN4429 03/06/2026 22/05/2026   Books    
    Dewey Decimal Classification     NURSING SGT Medical Library SGT Medical Library Text Book 09/10/2021 ABC DELHI 750.00 SGTU 13308 30 612.015 B21L FN4430 13/05/2026 13/05/2026   Books 27/05/2026  
    Dewey Decimal Classification     NURSING SGT Medical Library SGT Medical Library Text Book 09/10/2021 ABC DELHI 750.00 SGTU 13308 37 612.015 B21L FN4431 03/06/2026 13/05/2026   Books   1